000 00639cam a2200217 4500
001 L129660
008 #DATE n1990 000 0 eng u
020 _a0950874442
035 _a(Sirsi) u129660
041 _aeng
050 _a306
_C18
100 _aSmith, Mary E. H.
245 4 _aThe developing housing scene 1989-1990
260 _aLondon
_bHousing Centre Trust
_c1990
300 _a82p.
_c21cm.
350 _a8.95
520 _aSupplement to the third edition of "Guide to housing" (ISBN 0950874434)
650 _aHOUSING ACT 1988
690 _aPROPERTY-RESIDENTIAL PROPERTY-RESIDENTIAL PROPERTY MANAGEMENT
942 _n0
999 _c104260
_d104260